000 01048cam a2200373 4500
008 090401t1997 xxu||||| |||| 00| 0 eng d
020 _a0750628545
035 _a(Sirsi) u81344
041 _aeng
050 _a693.892
100 _aAllen, William
245 _aEnvelope design for buildings.
260 _aOxford
_bArchitectural Press
_c1997
300 _axvi,285p. : ill. ; 28cm.
350 _a45
520 _aAfter examining outdoor and indoor climates in Britain, the books deals with the design technology of building envelopes including potential problems and defects.
650 _aBUILDING DEFECTS
650 _aBUILDING ENVELOPE
650 _aCAVITY WALLS
650 _aCLADDING
650 _aCONDENSATION
650 _aCURTAIN WALLS
650 _aFLAT ROOFS
650 _aGLAZING
650 _aINDOOR CLIMATE
650 _aMOSAIC
650 _aPITCHED ROOFS
650 _aRENDERING
650 _aTILES
650 _aTIMBER FRAME
690 _aBUILT ENVIRONMENT
942 _n0
948 _c08/10/1997
999 _c96701
_d96701